All 5k+ cities in Virginia on a map - Statistics

General Stats
  • This quiz has been taken 27 times
  • The average score is 28 of 63
Answers on the Map
Answers color-coded by a green-red scale on the quiz's map according to % correct below.
 
Answer Stats
City Population % Correct
Alexandria 160,662
95%
Richmond 237,257
95%
Virginia Beach 453,737
95%
Norfolk 231,013
91%
Charlottesville 44,388
86%
Blacksburg 44,826
82%
Chesapeake 255,332
82%
Newport News 183,230
82%
Roanoke 99,111
82%
Hampton 137,315
77%
Danville 41,647
73%
Lynchburg 81,347
73%
Fairfax 26,772
68%
Harrisonburg 50,839
68%
Manassas 44,332
68%
Winchester 28,272
68%
Portsmouth 96,777
64%
Fredericksburg 30,393
59%
Suffolk 104,699
59%
Williamsburg 15,861
59%
Falls Church 15,159
55%
Leesburg 48,250
55%
Petersburg 33,734
55%
Salem 25,816
55%
Staunton 26,801
55%
Bristol 16,418
45%
Lexington 7,769
45%
Martinsville 13,849
45%
Farmville 7,846
41%
Galax 6,670
41%
Waynesboro 23,951
41%
Christiansburg 23,348
36%
Covington 5,680
36%
Emporia 5,447
36%
Front Royal 15,011
36%
Hopewell 23,261
36%
Manassas Park 16,560
36%
Poquoson 13,292
36%
Colonial Heights 18,738
32%
Culpeper 20,062
32%
Radford 17,243
32%
Wytheville 8,265
32%
Buena Vista 6,672
27%
Franklin 8,478
27%
Herndon 24,655
27%
Warrenton 10,057
27%
Ashland 7,565
23%
Bedford 6,657
23%
Pulaski 8,985
23%
Abingdon 8,376
18%
Bluefield 5,096
18%
Purcellville 8,929
18%
Smithfield 8,533
18%
Vienna 16,473
18%
Bridgewater 6,596
14%
Marion 5,751
14%
South Boston 7,966
14%
Strasburg 7,083
14%
Dumfries 5,679
9%
Vinton 8,059
9%
Woodstock 5,807
9%
Big Stone Gap 5,254
5%
Richlands 5,261
5%
No matching quizzes found
Score Distribution
Percent of People with Each Score
Percentile by Number Answered
Your Score History
You have not taken this quiz